| 000 | 01674nam a2200373 i 4500 | ||
|---|---|---|---|
| 001 | 000043253 | ||
| 003 | DO-SdBNP | ||
| 005 | 20251008082358.0 | ||
| 007 | ta | ||
| 008 | 140303s2013 dr abc 000 0 spa d | ||
| 020 | _a9789945462661 | ||
| 040 |
_aDO-SdBNP _bspa _cBNPHU _erda |
||
| 082 | 4 |
_a972.93054 _bP438v 2013 _222 |
|
| 100 | 1 |
_aPérez Modesto, Rafael, _d1944- _eautor _4aut. _96570 |
|
| 245 | 1 | 0 |
_aVivencias de un guerrillero : _btestimonio de un combatiente del frente "Juan de Dios Ventura Simó" / _cRafael Pérez Modesto ; prólogo, Miguel Guerrero ; editor, Edgar Valenzuela. |
| 250 | _atercera edición | ||
| 264 | 1 |
_aSanto Domingo : _bComisión Permanente de Efemérides Patria, _c2013. |
|
| 300 |
_a258 páginas : _bilustraciones, mapas, retratos ; _c23 cm. |
||
| 336 |
_atexto _btxt _2rdacontent |
||
| 337 |
_asin mediación _bn _2rdamedia |
||
| 338 |
_avolumen _bnc _2rdacarrier |
||
| 500 | _aIncluye datos biográficos del autor en las solapas | ||
| 500 | _aIncluye las ruta seguida por combatientes del frente "Juan de Dios Ventura Simó" desde Bonao hasta Ocoa. | ||
| 590 | _aInventariado, 2019/MFF | ||
| 610 | 2 |
_aMovimiento Revolucionario 14 de Junio (República Dominicana) _91373 |
|
| 651 | 4 |
_aRepública Dominicana -- _xHistoria -- _y1961- _96572 |
|
| 651 | 4 |
_aRepública Dominicana _xHistoria _9170 |
|
| 651 | 4 |
_aRepública Dominicana _xPolítica y gobierno _y1961- _9204 |
|
| 700 | 1 |
_aGuerrero, Miguel, _d1945- _eprologuista _4pr. _914303 |
|
| 700 | 1 |
_aValenzuela, Edgar, _eeditor _4ed. _96575 |
|
| 710 | 1 |
_aRepública Dominicana _bComisión Permanente de Efemérides Patria _945309 |
|
| 910 | _aValidado. Control de calidad EMS | ||
| 942 |
_2ddc _cLBS1 |
||
| 999 |
_c42742 _d42742 |
||